Statistics for Manchester United Squad 2007/2008

Click here to take the quiz!

General Stats

  • This quiz has been taken 286 times
  • The average score is 14 of 25

Answer Stats

HintAnswer% Correct
GKEdwin Van Der Sar
96%
DFRio Ferdinand
95%
FWWayne Rooney
94%
DFNemanja Vidic
93%
MFCristiano Ronaldo
92%
MFPaul Scholes
91%
MFRyan Giggs
89%
DFPatrice Evra
85%
DFGary Neville
78%
DFWes Brown
75%
FWCarlos Tévez
74%
MFNani
72%
MFAnderson
63%
MFDarren Fletcher
59%
FWLouis Saha
44%
MFOwen Hargreaves
44%
MFPark Ji-Sung
43%
MFMichael Carrick
34%
DFJohn O'Shea
28%
DFGabriel Heinze
20%
FWOle Gunnar Solskjær
14%
DFGerard Piqué
10%
DFJohnny Evans
5%
FWFraizer Campbell
1%
MFRodrigo Possebon
0%

Score Distribution

Percentile by Number Answered

Percent of People with Each Score

Your Score History

You have not taken this quiz